| 000 -Cabeçalho do registo |
| Cabeçalho |
00620nam 22001813 4500 |
| 001 - Identificador do registo |
| Campo de controlo |
32666 |
| 010 ## - Número internacional normalizado dos livros (ISBN) |
| Número (ISBN) |
3-9259|9-32-5 |
| 100 ## - Dados gerais de processamento |
| Dados gerais de processamento |
20260401d 2003u||y0engy50 ba |
| 101 ## - Língua de publicação |
| Língua do texto, banda sonora, etc. |
Inglês |
| 102 ## - Pais de publicação ou produção |
| País de publicação |
Alemanha |
| 200 ## - Titulo e menção de responsabilidade |
| Título próprio |
Cephalopods, a World Guide: Pacific Ocean, Indian Ocean, Red Sea, Atlantic Ocean, Caribbean, Arctic, Antarctic |
| Primeira menção de responsabilidade |
Mark Norman |
| 205 ## - Menção da edição |
| Menção da edição |
2.ª Ed. |
| 210 ## - Publicação, Distribuição, etc. |
| Lugar da edição, distribuição, etc. |
Califórnia |
| Nome do editor, distribuidor, etc. |
Conchbooks |
| Data da publicação, distribuição, etc. |
2003 |
| 215 ## - Descrição física |
| Indicação específica da natureza do documento e extensão da espécie |
320 p. |
| Outras indicações físicas |
il. color |
| Dimensões |
24 cm |
| 606 ## - Nome comum usado como assunto |
| Palavra de ordem |
Polvos |
| Subdivisão de assunto |
Argonautas |
| -- |
Chocos |
| -- |
Lulas |
| -- |
Náutilos |
| Subdivisão geográfica |
Oceano Pacífico |
| Subdivisão cronológica |
2002 |
| 700 ## - Nome de autor-pessoa física (responsabilidade principal) |
| Palavra de ordem |
Norman |
| Outra parte do nome não tomada para palavra de ordem |
Mark |
| 710 ## - Nome de colectividade-autor (responsabilidade principal) |
| Palavra de ordem |
Universidade da Califórnia |